| 000 | 00602nam a2200229Ia 4500 | ||
|---|---|---|---|
| 001 | 63273 | ||
| 008 | 190412n2017 ii |||gr||||Z||||||asm | ||
| 020 | _a978-93-81850-29-9 | ||
| 041 | _aasm | ||
| 082 | _a370 | ||
| 100 |
_aDeka,Birendra, _eAuthor., |
||
| 245 | 0 |
_aSaikhik Prajuktividya _cBy Birendra Deka...et all _hTextual Documents |
|
| 250 | _a5th ed. | ||
| 260 |
_aPanbazar Ghy _c2017 |
||
| 300 |
_apg215: _c19cm. |
||
| 653 | _aEducation | ||
| 653 | _aPrajuktividya | ||
| 653 | _aSaikhik Prajuktividya | ||
| 653 | _aG-Education | ||
| 700 |
_aChoudhury,Trishna, _eAuthor. |
||
| 942 |
_2ddc _cBK |
||
| 999 |
_c64377 _d64377 |
||